000
00219 a2200097 4500
001
41252
100
_a
Heyer, G
245
_a
Pakistan seeks security
260
_a
London
_b
Langmans Green & Co
_c
090
_c
25462
_d
25462
942
_a
NUST-CAE
_c
M
_c
17183
999
_c
276325
_d
276325